00707nam a2200181 a 4500008004100000020001800041050001800059100002000077245012600097260006700223300000900290490006400299500002000363650004500383700002000428700001900448710005800467120809s2011 ||||||||||||||||| || u a9781868087235 aACCD(08)WP/6A aCharman, Andrew10aSpaza shops in Delft: The changing face of township entrepreneurshipcBy Andrew charman, Leif Petersen and Laurence Piper aBellvillebAfrican Centre for Citizenship and Democracy c2011 a27p. aAfrican Centre for Citizenship and Democracy Working Papers aWorking paper 2 aSTORES, RETAIL--SOUTH AFRICA--MANAGEMENT aPiper, Laurence aPetersen, Leif aAfrican Centre for Citizenship and Democracy (ACCEDE)